Responses for show #395 - Friday, March 14, 1986

Contestants

[<< previous game]

Thomas Van Dyke, a rock singer from Sun Valley, California

Jay Reisman, a private investigator from San Diego, California

Clint Swett, a newspaper copy editor from Sacramento, California (whose 1-day cash winnings total $4,600)

[next game >>]

Jeopardy! Round responses

ROBIN HOOD
CLASSICAL MUSIC
SPORTS TRIVIA
POLITICAL QUOTES
4-LETTER WORDS
NO NO's
    $100 16
King (Prince) John

Thomas
    $100 1
automobile horns

Triple Stumper
    $100 6
the puck

Thomas
    $100 3
the waves

Thomas
    $100 23
(Clint: What is... strike?)

bolt

Clint
Triple Stumper
    $100 21
Litlte Red Riding Hood

Clint
    $200 17
Sherwood Forest

Clint
    $200 2
Brahms

Thomas
    $200 12
Babe Ruth

Thomas
    $200 4
Adolf Hitler

Thomas
    $200 24
a hack

Thomas
    $200 22
Pinocchio

Thomas
    $300 18
Richard Greene

Clint
    $300 8
a violin

Clint
    $300 13
Larry Bird

Jay
    $300 5
(Thomas: Who are Charlemagne and Napoleon?)

Joan of Arc & Napoleon

Thomas
Triple Stumper
    $300 25
(Alex: We've got about a minute to go.)

a note

Jay
    $300 28
No, No, Nanette

Clint
    $400 19
John Little

Triple Stumper
    $400 9
Maurice Ravel

Clint
    $400 14
Brazil

Clint
    $400 7
Al Haig

Clint
    $400 26
(Clint: What is a [*] job?)

snow

Clint
    $500 29
(Alex: Jim Croce, you're absolutely right.)
[The end-of-round signal sounds and the song is not reprised going into the break.]

Don't mess around with Jim

Clint
    $500 20
Locksley

Triple Stumper
    $500 10
(Johann Sebastian) Bach

Thomas
    $500 15
(Alex: Yes, he was called [*] at that time, Muhammad Ali is absolutely right.)

Cassius Clay & Sonny Liston

Jay
    $500 11
the United States

Thomas
    $500 27
(Thomas: What is slack?)

give

Thomas
Triple Stumper

Scores at the first commercial break (after clue 15):

Clint Jay Thomas
$1,500 $800 $1,500

Scores at the end of the Jeopardy! Round:

Clint Jay Thomas
$3,200 $1,100 $1,500

Double Jeopardy! Round responses

AMERICAN INDIANS
BIRDS
DOUBLE MEANINGS
HIGHER EDUCATION
EUROPE
TOUGH TV TRIVIA
    $200 4
the Utes

Clint
    $200 7
a partridge

Thomas
    $200 23
(Thomas: [*].)
(Alex: Yeah, we'll give it to you but you didn't phrase it properly.)
(Thomas: What is [*]?)
...
(Alex: We've got less than a minute to go and because this is a DOUBLE MEANINGS category, and a new one for us, it's going to be a little tricky.)

(this) may be the start of something big ("This Could Be The Start Of Something Big"

Thomas
    $200 11
Lyndon Johnson

Jay
    $200 2
Sweden

Jay
    $200 1
Columbo

Thomas
    $400 5
Jay Silverheels

Jay
    $400 10
its wings

Jay
    $400 25
(Jay: What is Ray?)
...
(Alex: [To Thomas] I suggest you may be well-advised to go to those answers in the BIRDS or AMERICAN INDIANS categories, but Thomas, you do what you want.)
[Laughter]

a Cash register

Jay
Triple Stumper
    $400 12
Yale

Jay
    $1,000 16
the U.S., Great Britain, France & the Soviet Union

Clint
    $400 3
Ohio

Clint
    $600 14
the Iroquois League

Clint
    $600 13
Bennington

Clint
    $600 17
the Danube

Jay
    $600 6
Kate & Allie

Thomas
    $800 15
the Cheyenne

Triple Stumper
    $800 26
(Jay: What is falcon?)
...
[The end-of-round signal sounds.]

a vulture

ClintJay
    $800 20
Pennsylvania

Thomas
    $800 18
a cross

Thomas
    $800 8
(Alex: Yes, one of the big hits of this current television series.)

Bill Cosby

Thomas
    $1000 21
the passenger pigeon

Thomas
    $1000 24
[Laughter]

count Dracula

Triple Stumper
    $1000 22
Fisk University

Jay
    $1000 19
Wales

Jay
    $1000 9
(Thomas: What is British?)
(Alex: British? Be more specific.)
(Thomas: What is English?)
...
(Alex: The man's name was David McCullum, he was [*].)

Scottish

Thomas
Triple Stumper

Scores at the end of the Double Jeopardy! Round:

Clint Jay Thomas
$6,800 $4,100 $5,100

[wagering suggestions for these scores]

Final Jeopardy! Round responses

THE '70s
[Thomas clarified his barely legible response as "Snake River Dam".]
...
(Alex: [To Clint] That's the right information, but you didn't phrase it [Clint holds his hands to his head and turns away] as a question.)
JayWhat is the DEA
$4,050
ThomasWhat is Snake R. Dam
$3,101
ClintAlaska oil pipe line
$1,401
the Alaska Pipeline

Final scores:

Clint Jay Thomas
$5,399 $50 $1,999
2-day champion: $9,999 3rd place: Frigidaire refrigerator freezer 2nd place: trip on Eastern to St. Thomas & stay at Bluebeard's Castle

Game dynamics:

Coryat scores:

Clint Jay Thomas
$6,100 $4,100 $5,100
16 R
(including 2 DDs),
1 W
11 R,
2 W
18 R
(including 1 DD),
3 W

Combined Coryat: $15,300

The J! Archive is created by fans, for fans. The Jeopardy! game show and all elements thereof, including but not limited to copyright and trademark thereto, are the property of Jeopardy Productions, Inc. and are protected under law. This website is not affiliated with, sponsored by, or operated by Jeopardy Productions, Inc. Join the discussion at JBoard.tv.